| 000 | 00511nam a2200193 a 4500 | ||
|---|---|---|---|
| 001 | 1770460529902 | ||
| 003 | YourLibrary | ||
| 005 | 20260207160833.0 | ||
| 008 | 260207s2003##################000#0#eng## | ||
| 020 | _a9783631507186 | ||
| 082 | 0 | 4 |
_a306.4 _bKUB |
| 100 | 1 |
_aKubisz, Marzena, _eauthor. |
|
| 245 | 1 | 0 | _aStrategies of Resistance : |
| 260 |
_bPeter Lang Pub Incorporated, _c2003. |
||
| 300 | _a107 pages | ||
| 650 | 0 | _aSocial Science. | |
| 942 | _cENGLISH | ||
| 040 |
_aYourLibrary _beng _cYourLibrary |
||
| 999 |
_c611190 _d611190 |
||